Stati che confinano con il Camerun - Statistics

Statistiche generali
  • Questo quiz è stato fatto 16 volte
  • Il punteggio medio è 6 su 6
Statistiche sulle risposte
Superficie (km²) Popolazione (ab.) Lunghezza confine (km) Stato % Corretto
267 667 2 119 275 349 Gabon
100%
28 051 1 222 442 183 Guinea Equatoriale
100%
923 768 215 548 400 1 690 Nigeria
100%
622 984 5 990 855 901 Repubblica Centrafricana
92%
1 284 000 11 412 107 1 094 Ciad
83%
342 000 5 125 821 494 Repubblica del Congo
83%
Nessun quiz corrispondente trovato
Distribuzione punteggi
Percentuale di utenti per punteggio
Percentile per numero di risposta
I tuoi punteggi nel tempo
Non hai fatto questo quiz